00321 2200145 4500245004100000250001100041100001700052650001600069650001400085005001900099260002000118041001400138084001400152336000900166 aPotongan SayurancRafi SanjayahText aCet. 1 aRafi Sanjaya aKarya Siswa aScrapbook a20250526103458 a081 RAF pc2025 aIndonesia a081 RAF p atext